000 00570nam a2200157 a 4500
005 20140513081057.0
008 070925s19uu xx 00 eng d
050 _aVCD
_bMa334 2001
245 _aMarie Curie.
260 _aPhilippines :
_bNest,
_c2001.
440 _aThe Animated stories classics
500 _aRun time: 30 minutes
520 _aHer work gave the world the theory of radioactivity, the discovery of plutonium, and the isolation of radium. Her research could be used for cancer research.
650 _aScientist-inventor-cure-cancer.
999 _c116570
_d116570